| 000 | 00331 a2200121 4500 | ||
|---|---|---|---|
| 000 | nam a22 7a 4500 | ||
| 005 | 20260207150248.0 | ||
| 020 | _a9788120843219 | ||
| 100 |
_aAcharya Avinash Krishna _91114366 |
||
| 245 | _aDevvanitattvabodhini ( Sanskrit - Vyakranam ) | ||
| 260 |
_bMotilal Banarasidass _c2023 |
||
| 942 | _cTEXL | ||
| 999 |
_c1678910 _d1678910 |
||